Bramkarze Widzewa Łódź w XXI wieku - Statystyki

Ogólne statystyki
  • Ten quiz został rozwiązany 32 razy
    7 od ostatniego zresetowania
  • Średni wynik to 7 z 23
Statystyki odpowiedzi
Lata gry Narodowość Nazwisko % Poprawnych
2022-2023 Słowacja Henrich Ravas
100%
2026- Polska Bartłomiej Drągowski
86%
2025- Serbia Veljko Ilić
86%
2025- Polska Maciej Kikolski
71%
2010-2014 Polska Maciej Mielcarz
57%
2024-2025 Polska Rafał Gikiewicz
57%
2006-2008 Polska Bartosz Fabiniak
43%
2022-2023 Polska Jakub Wrąbel
43%
2023- Polska Jan Krzywański
43%
2011-2014 Polska Patryk Wolański
43%
2002-2003 Polska Zbigniew Robakiewicz
29%
2001 Polska Adam Piekutowski
14%
2006 Polska Artur Holewiński
14%
2007-2011 Polska Bartosz Kaniecki
14%
2012-2013 Czarnogóra Miloš Dragojević
14%
1997-2001 Polska Sławomir Olszewski
14%
2007-2008 Polska Jakub Hładowczak
0%
2013 Polska Maciej Krakowiak
0%
1997-2003 Polska Marcin Ludwikowski
0%
2004 Polska Michał Kula
0%
2012 Polska Michał Pytkowski
0%
2004 Polska Norbert Tyrajski
0%
2006 Azerbejdżan Ruslan Məcidov
0%
Nie znaleziono quizów pasujących do podanych kryteriów
Rozkład punktacji
Procent ludzi z każdym wynikiem
Percentyl według liczby udzielonych odpowiedzi
Twoja historia wyników
Nie rozwiązałeś tego quizu od ostatniego zresetowania